000 01200nam a2200265Ia 4500
999 _c5260
_d5260
003 OSt
005 20200504155910.0
008 191128s2009 ck gr 000 0 spa d
020 _a9789587380033
040 _aCO-JMCR
_cCO-JMCR
041 0 _aspa
082 0 4 _a327 /
_bT696p
_223
100 1 _aTorrijos Rivera, Vicente,
_eautor
_93882
245 1 0 _aPolítica exterior y relaciones internacionales /
_cVicente Torrijos Rivera
250 _aPrimera edición
260 _aBogotá :
_bUniversidad del Rosario,
_c2009
300 _a378 páginas ;
_c24 cm.
505 0 _a¡Todo el poder a los soviets! : partido y pluralismo en la Unión Sovietica -- 33 tesis sobre un nuevo orden después de la guerra -- Europa: ¿gigante económico y enano político-militar? -- Un mundo de cosas por hacer
520 _aLa actividad intelectual tiene a la diversidad como condición, muchas perspectivas que se pueden combinar en las mentes de los lectores, así como en la mente del autor, produciendo nuevas perspectivas.
650 1 4 _aRelaciones internacionales
_93476
650 1 4 _aPolítica exterior
_93477
650 1 4 _aRalaciones exteriores
_93883
650 1 4 _aTerrorismo
_93204
942 _2ddc
_cBK